Statystyki dla Jakie tabliczki możemy zobaczyć na drzwiach sklepów

Kliknij tutaj aby rozwiązać quiz!

Ogólne statystyki

  • Ten quiz został rozwiązany 17 razy
  • Średni wynik to 3 z 6

Statystyki odpowiedzi

Odpowiedź% Poprawnych
Otwarte
88%
Zamknięte
81%
Godziny Otwarcia
44%
Zaraz Wracam
38%
Urlop
13%
Remement
0%

Rozkład punktacji

Percentyl według liczby udzielonych odpowiedzi

Procent ludzi z każdym wynikiem

Twoja historia wyników

Nie rozwiązałeś tego quizu